000 00460nam a2200181Ia 4500
001 16631
005 20260306170324.0
008 260306t2007||||xx |||||||||||||| ||und||
041 _aESP
082 _a348.8
_bT869
100 _aToyama Miyagusuku, Jorge
_eAUT
245 0 _aFiscalización laboral:
_bComo afrontar una visita inspectiva
260 _c2007
300 _a311 pƔginas :
_ccm.
650 _aGEN
654 _aCDE
942 _cLIB
_dJUS
_fJUS
_2ddc
_n
999 _c16631
_d16631